• Marruecos

di Geographic Name

Records bibliografici associati: 1

001 - CONTROL NUMBER

  • control field: 65504

003 - CONTROL NUMBER IDENTIFIER

  • control field: IT-RoINE

005 - DATE AND TIME OF LATEST TRANSACTION

  • control field: 20191217062717.0

008 - FIXED-LENGTH DATA ELEMENTS

  • fixed length control field: 191217|| aca||aabn | a|a d

040 ## - CATALOGING SOURCE

  • Original cataloging agency: IT-RoINE
  • Transcribing agency: IT-RoINE

151 ## - HEADING--GEOGRAPHIC NAME

  • Geographic name: Marruecos
  • General subdivision: Relaciones
  • Geographic subdivision: España
  • Chronological subdivision: Siglo 18o.

670 ## - SOURCE DATA FOUND

  • Source citation: Work cat.: (IT-RoINE)33268: Ruiz Orsatti, Ricardo, n. 1871 65502, Relaciones hispano marroquíes :, 1944.